000 00879nam a2200265Ia 4500
003 OSt
005 20220930081535.0
006 a|||||r|||| 00| 0
007 ta
008 220926b |||||||| |||| 00| 0 eng d
024 _a107980
037 _cTheses
040 _aCRL
_cCRL
_beng
041 _2eng
_aeng
100 _aAgrawal Neeraj
_9541537
110 _aUniversity of Delhi. Faculty of Medical Sciences. Department of Surgery
245 0 _aStudy of spectrum of presentation, Lab diagnosis, and validation of possum scoring in patients with enteric perforation peritonitis
260 _c2009
300 _a56p.
_ap.
_ccm.
650 _aSURGERY
700 _a Dr. Sunil Kumar Gu.
_9532243
700 _aUniversity of Delhi. Faculty of Medical Sciences. Department of Surgery
942 _cDIS
_2CC
999 _c871598
_d871598